An Answer to the case of the city of Dublin, paragraph by paragraph.

Bibliographic Details
Corporate Author: Gale (Firm)
Format: eBook
Language:English
Published: [Dublin?] : [publisher not identified], Printed in the year, 1713.
Subjects:
Online Access:Connect to the full text of this electronic book

MARC

Tag First Indicator Second Indicator Subfields
LEADER 00000cam a2200000 4500
001 in00003845764
005 20190415182801.0
006 m o d
007 cr |n||||||||n
008 850327s1713 ie |||| o 00||||eng c
035 |a (CU-RivES)N16533 
035 |a (Uk-ES)006007216 
035 |a (OCoLC)507984425 
040 |a CU-RivES  |c CU-RivES  |d CU-RivES  |d CStRLIN  |d CU-RivES  |d Cengage Gale  |d UtOrBLW 
050 4 |a DA995.D75  |b A536 1713 
245 0 3 |a An Answer to the case of the city of Dublin, paragraph by paragraph. 
264 1 |a [Dublin?] :  |b [publisher not identified],  |c Printed in the year, 1713. 
300 |a 1 online resource (17, 1 unnumbered pages)  
336 |a text  |b txt  |2 rdacontent 
337 |a computer  |b c  |2 rdamedia 
338 |a online resource  |b cr  |2 rdacarrier 
500 |a Refers to the controversy between the seventeen aldermen of Dublin and Sir Samuel Cooke, Lord Mayor. 
510 4 |a English Short Title Catalog,  |c N16533. 
500 |a Reproduction of original from National Library of Ireland. 
500 |a Electronic resource. 
630 0 0 |a Case of the city of Dublin. 
655 7 |a Electronic books.  |2 local 
710 2 |a Gale (Firm)  |0 http://id.loc.gov/authorities/names/no2008071348 
752 |a Ireland  |d Dublin. 
856 4 0 |u http://proxy.library.tamu.edu/login?url=http://find.galegroup.com/ecco/infomark.do?contentSet=ECCOArticles&docType=ECCOArticles&bookId=1520600500&type=getFullCitation&tabID=T001&prodId=ECCO&docLevel=TEXT_GRAPHICS&version=1.0&source=library&userGroupName=txshracd2898  |z Connect to the full text of this electronic book  |t 0 
999 f f |s 6bd61d41-e262-345e-bc0e-ee18f93748ae  |i 7bafdbe0-871b-3082-89f4-b32d3e4e438f  |t 0 
952 f f |a Texas A&M University  |b College Station  |c Electronic Resources  |d Available Online  |t 0  |e DA995.D75 A536 1713  |h Library of Congress classification 
998 f f |a DA995.D75 A536 1713  |t 0  |l Available Online